Guía para el alumno. Plan curricular de Educación para las carreras de Profesor de Educación Media

Tallennettuna:
Bibliografiset tiedot
Yhteisötekijä: Universidad Católica de Valparaíso (Tekijä)
Aineistotyyppi: Kirja
Kieli:espanja
Julkaistu: Valparaíso Ediciones Universitarias de Valparaíso 1984
Painos:1a. ed
Aiheet:
Tagit: Lisää tagi
Ei tageja, Lisää ensimmäinen tagi!

MARC

LEADER 00000cam a2200000 a 4500
001 UCJ7733
003 CL-VaPUC
008 070124e19840000CL |||||||||||||||||spa|d
082 0 4 |a 378  |b UNI  |2 21 
110 2 |a Universidad Católica de Valparaíso  |e author  |9 516187 
245 1 0 |a Guía para el alumno. Plan curricular de Educación para las carreras de Profesor de Educación Media 
250 |a 1a. ed 
300 |a 32 p 
942 |c BK 
945 |d 20070124 00:00:00  |a rinostro 
260 |a Valparaíso  |b Ediciones Universitarias de Valparaíso  |c 1984 
650 0 |a Educación superior   |9 223851 
650 0 |a Archivo histórico PUCV  |9 255554 
650 7 |a MALLA CURRICULAR  |2 CL-VaPUC  |9 516188 
650 7 |a PROGRAMAS DE ESTUDIO  |2 CL-VaPUC  |9 516189 
650 7 |a HISTORIA UCV  |2 CL-VaPUC  |9 516190 
583 |a last modification  |c 20140718 11:25:43  |k Rodrigo Vera 
999 |c 323691  |d 323689 
952 |0 0  |1 0  |4 0  |6 378_000000000000000_UNI_1984  |7 0  |8 X  |9 403464  |a FDOBUD  |b FDOBUD  |d 2019-11-22  |i 1068083  |o 378 UNI 1984  |p 1068083  |r 2019-11-22  |w 2019-11-22  |y BK_X  |k FHP 
952 |0 0  |1 0  |3 erb  |4 0  |6 378_000000000000000_UNI_1984  |7 0  |8 X  |9 403465  |a FDOBUD  |b FDOBUD  |i 5032636  |o 378 UNI 1984  |p 5032636  |r 2019-11-22  |w 2019-11-22  |y BK_X  |z Catalogado en:20140724  |k FHP